[Event "Oberliga Baden 1213"]
[Site "Baden"]
[Date "2012.11.25"]
[Round "3.2"]
[White "Eschbach, Dennis"]
[Black "Scherer, Ralf"]
[Result "1-0"]
[WhiteElo "2387"]
[BlackElo "2199"]
[PlyCount "101"]
[EventDate "2012.10.14"]
[EventType "team-tourn"]
[EventRounds "9"]
[EventCountry "GER"]
[SourceTitle "EXT 2014"]
[Source "ChessBase"]
[SourceDate "2013.11.20"]
[SourceVersion "1"]
[SourceVersionDate "2013.11.20"]
[SourceQuality "1"]
[WhiteTeam "Waldshut"]
[BlackTeam "Ladenburg"]
[WhiteTeamCountry "GER"]
[BlackTeamCountry "GER"]

1. e4 d6 2. d4 Nf6 3. Nc3 g6 4. Be3 a6 5. Qd2 b5 6. f3 Bb7 7. Nge2 Nbd7 8. Bh6 Bxh6 9. Qxh6 c5 10. d5 Qa5 11. Nf4 Ne5 12. Be2 Qb4 13. Rb1 Qd4 14. Nd3 Nxd3+ 15. Bxd3 c4 16. Be2 Rc8 17. Nd1 Qb6 18. a3 Rg8 19. Qe3 Qxe3 20. Nxe3 e6 21. dxe6 fxe6 22. Rd1 Ke7 23. 0-0 Rgd8 24. Rd4 e5 25. Rdd1 Nh5 26. g3 Ng7 27. c3 Ne6 28. h4 Nc5 29. Rf2 Rf8 30. h5 Na4 31. Rd2 Rcd8 32. Rh2 Nb6 33. Bd1 d5 34. hxg6 hxg6 35. exd5 Bxd5 36. Ng4 Bxf3 37. Rh7+ Ke8 38. Nf6+ Rxf6 39. Rh8+ Ke7 40. Rdxd8 Bc6 41. Rd2 e4 42. Rh7+ Ke8 43. Ra7 e3 44. Rh2 Nd7 45. Bg4 Rd6 46. Rh7 Rd2 47. Bxd7+ Rxd7 48. Rhxd7 Bxd7 49. Rxa6 Kf7 50. Rb6 g5 51. Kf1 1-0

[Event "Baden CupT"]
[Site "Baden"]
[Date "2012.07.14"]
[Round "4.2"]
[White "Genzling, Alain"]
[Black "Scherer, Ralf"]
[Result "1-0"]
[WhiteElo "2400"]
[BlackElo "2199"]
[PlyCount "87"]
[EventDate "2012.04.22"]
[EventType "team-k.o."]
[EventRounds "5"]
[EventCountry "GER"]
[SourceTitle "EXT 2013"]
[Source "ChessBase"]
[SourceDate "2012.11.22"]
[SourceVersion "1"]
[SourceVersionDate "2012.11.22"]
[SourceQuality "1"]
[WhiteTeam "Baden-Baden"]
[BlackTeam "Ladenburg"]
[WhiteTeamCountry "GER"]
[BlackTeamCountry "GER"]

1. e4 d6 2. d4 Nf6 3. Nc3 g6 4. f4 Bg7 5. a3 0-0 6. Nf3 Nc6 7. Be3 d5 8. e5 Ng4 9. Bg1 h5 10. Bd3 Na5 11. Qe2 b6 12. Nxd5 c5 13. Nc3 cxd4 14. Nxd4 Bb7 15. h3 Nh6 16. 0-0-0 Rc8 17. f5 Rxc3 18. bxc3 Qd5 19. c4 Qxe5 20. Qxe5 Bxe5 21. Be3 Bxd4 22. Bxh6 Rc8 23. fxg6 fxg6 24. Bxg6 Rc6 25. Be4 Rxc4 26. Bxb7 Nxb7 27. Rhe1 Kf7 28. Be3 Bf6 29. Rd7 Na5 30. Rxa7 Bc3 31. Bd2 Nc6 32. Rc7 Bf6 33. Bb4 b5 34. Kb1 h4 35. Re2 Bg5 36. c3 Bf6 37. Re3 Bg5 38. Rf3+ Ke6 39. Rb7 Re4 40. Rxb5 Re1+ 41. Ka2 Re2+ 42. Kb3 Ne5 43. Rf1 Nd3 44. Rxg5 1-0

[Event "Verbandsliga Nord Baden 1112"]
[Site "Germany"]
[Date "2012.03.25"]
[Round "8.2"]
[White "Belica, Matej"]
[Black "Scherer, Ralf"]
[Result "1/2-1/2"]
[WhiteElo "2108"]
[BlackElo "2199"]
[PlyCount "31"]
[EventDate "2011.10.09"]
[EventType "team-tourn"]
[EventRounds "9"]
[EventCountry "GER"]
[SourceTitle "EXT 2013"]
[Source "ChessBase"]
[SourceDate "2012.11.22"]
[SourceVersion "1"]
[SourceVersionDate "2012.11.22"]
[SourceQuality "1"]
[WhiteTeam "Lindenhof"]
[BlackTeam "Ladenburg"]
[WhiteTeamCountry "GER"]
[BlackTeamCountry "GER"]

1. e4 d6 2. d4 Nf6 3. Nc3 g6 4. Be3 a6 5. f3 b5 6. Qd2 Bb7 7. 0-0-0 Nbd7 8. Nh3 c5 9. Kb1 c4 10. Nf4 h5 11. g3 b4 12. Ncd5 Nxd5 13. exd5 g5 14. Nh3 c3 15. bxc3 bxc3 16. Qxc3 1/2-1/2